| 000 | 00344nam a2200133Ia 4500 | ||
|---|---|---|---|
| 008 | 220216s9999 xx 000 0 und d | ||
| 100 | _aEinhorn S C | ||
| 245 | 0 | _aTheoretical design of the rubber-oil-black masterbatch | |
| 260 |
_bIRI Transactions _c1953 |
||
| 300 | _a281-286 | ||
| 650 | _aMasterbatch | ||
| 700 | _aMcLeod L A | ||
| 942 | _cJS | ||
| 999 |
_c71182 _d71182 |
||